00736nam a2200241 a 4500001001300000003000900013005001700022008004100039020002300080082001600103100001800119245007200137260003100209300000900240500003500249505001300284650003000297700001800327902000800345942000700353952011700360999001700477nice12345678IN_TiNIC20260116014041.0050524s2001 dela grp 000 0 eng  a0679034 c29500a954.93bPRA aPratap, Anita aIsland of Bloodb Frontline Reports from Sri Lanka, Afghanistan.... aDelhibPenguin Booksc2001 a276p aincludes index and biblioraphy2 aGlossary aSri Lanka-Ethnic Violence1 aPratap, Anita bSRS cBK 001040708StackRoom-aHMIbHMId2008-06-25g295.00l0o954.93 PRAp020309r2008-06-25v295.00w2005-05-24yBK c13671d13671